MARC details
| 000 -LEADER |
| campo de control de longitud fija |
02238cam a22004574a 4500 |
| 001 - NÚMERO DE CONTROL |
| campo de control |
110761 |
| 005 - FECHA Y HORA DE LA ÚLTIMA TRANSACCIÓN |
| campo de control |
20230410130543.0 |
| 008 - DATOS DE LONGITUD FIJA--INFORMACIÓN GENERAL |
| campo de control de longitud fija |
100210s2010 ilu b 001 0 eng c |
| 035 ## - NÚMERO DE CONTROL DEL SISTEMA |
| Número de control de sistema |
16092494 |
| 010 ## - NÚMERO DE CONTROL DE LA BIBLIOTECA DEL CONGRESO |
| Número de control de LC |
2010005836 |
| 020 ## - NÚMERO INTERNACIONAL ESTÁNDAR DEL LIBRO |
| Número Internacional Estándar del Libro |
9780226451886 (cloth : alk. paper) |
| 020 ## - NÚMERO INTERNACIONAL ESTÁNDAR DEL LIBRO |
| Número Internacional Estándar del Libro |
9780226451893 (pbk. : alk. paper) |
| 020 ## - NÚMERO INTERNACIONAL ESTÁNDAR DEL LIBRO |
| Número Internacional Estándar del Libro |
0226451887 (cloth : alk. paper) |
| 020 ## - NÚMERO INTERNACIONAL ESTÁNDAR DEL LIBRO |
| Número Internacional Estándar del Libro |
0226451895 (pbk. : alk. paper) |
| 040 ## - FUENTE DE CATALOGACIÓN |
| Centro catalogador/agencia de origen |
ICU/DLC |
| Centro/agencia transcriptor |
DLC |
| 042 ## - CÓDIGO DE AUTENTICACIÓN |
| Código de autenticación |
pcc |
| 043 ## - CÓDIGO DE ÁREA GEOGRÁFICA |
| Código de área geográfica |
f-sa--- |
| 050 14 - SIGNATURA TOPOGRÁFICA DE LA BIBLIOTECA DEL CONGRESO |
| Número de clasificación |
PN 1992.3 |
| Número de ítem |
K89s 2010 |
| 082 00 - NÚMERO DE LA CLASIFICACIÓN DECIMAL DEWEY |
| Número de clasificación |
302.2 |
| 100 1# - ENTRADA PRINCIPAL--NOMBRE DE PERSONA |
| Nombre de persona |
Krabill, Ron. |
| 245 10 - MENCIÓN DEL TÍTULO |
| Título |
Starring Mandela and Cosby : |
| Resto del título |
media and the end(s) of apartheid / |
| Mención de responsabilidad, etc. |
Ron Krabill. |
| 260 ## - PUBLICACIÓN, DISTRIBUCIÓN, ETC. |
| Lugar de publicación, distribución, etc. |
Chicago ; |
| -- |
London : |
| Nombre del editor, distribuidor, etc. |
The University of Chicago Press, |
| Fecha de publicación, distribución, etc. |
c2010. |
| 300 ## - DESCRIPCIÓN FÍSICA |
| Extensión |
xiv, 199 p. ; |
| Dimensiones |
24 cm. |
| 504 ## - NOTA DE BIBLIOGRAFÍA, ETC. |
| Nota de bibliografía, etc. |
Includes bibliographical references (p. [167]-188) and index. |
| 505 0# - NOTA DE CONTENIDO CON FORMATO |
| Nota de contenido con formato |
Media, democratization, and the end(s) of apartheid -- Structured absences and communicative spaces -- In the absence of television -- "They stayed til the flag streamed" -- Surfing into Zulu -- Living with the Huxtables in a state of emergency -- I may not be a freedom fighter, but I play one on TV -- Television and the afterlife of apartheid. |
| 630 00 - PUNTO DE ACCESO ADICIONAL DE MATERIA--TÍTULO UNIFORME |
| Título uniforme |
Cosby show (Television program : 1984-1992) |
| Subdivisión general |
Influence. |
| 650 #0 - PUNTO DE ACCESO ADICIONAL DE MATERIA--TÉRMINO DE MATERIA |
| Término de materia o nombre geográfico como elemento de entrada |
Television broadcasting |
| Subdivisión general |
Social aspects |
| Subdivisión geográfica |
South Africa |
| Subdivisión general |
History |
| Subdivisión cronológica |
20th century. |
| 650 #0 - PUNTO DE ACCESO ADICIONAL DE MATERIA--TÉRMINO DE MATERIA |
| Término de materia o nombre geográfico como elemento de entrada |
Television and politics |
| Subdivisión geográfica |
South Africa |
| Subdivisión general |
History |
| Subdivisión cronológica |
20th century. |
| 650 #0 - PUNTO DE ACCESO ADICIONAL DE MATERIA--TÉRMINO DE MATERIA |
| Término de materia o nombre geográfico como elemento de entrada |
Television viewers |
| Subdivisión geográfica |
South Africa |
| Subdivisión general |
Attitudes |
| -- |
History |
| Subdivisión cronológica |
20th century. |
| 650 #0 - PUNTO DE ACCESO ADICIONAL DE MATERIA--TÉRMINO DE MATERIA |
| Término de materia o nombre geográfico como elemento de entrada |
Whites |
| Subdivisión geográfica |
South Africa |
| Subdivisión general |
Attitudes |
| -- |
History |
| Subdivisión cronológica |
20th century. |
| 650 #0 - PUNTO DE ACCESO ADICIONAL DE MATERIA--TÉRMINO DE MATERIA |
| Término de materia o nombre geográfico como elemento de entrada |
Mass media and race relations |
| Subdivisión geográfica |
South Africa |
| Subdivisión general |
History |
| Subdivisión cronológica |
20th century. |
| 650 #0 - PUNTO DE ACCESO ADICIONAL DE MATERIA--TÉRMINO DE MATERIA |
| Término de materia o nombre geográfico como elemento de entrada |
Apartheid |
| Subdivisión geográfica |
South Africa. |
| 650 #4 - PUNTO DE ACCESO ADICIONAL DE MATERIA--TÉRMINO DE MATERIA |
| Término de materia o nombre geográfico como elemento de entrada |
La radiodifusion televisiva |
| Subdivisión general |
Aspectos sociales |
| Subdivisión geográfica |
Sudáfrica |
| Subdivisión general |
Historia |
| Subdivisión cronológica |
Siglo 20. |
| 650 #4 - PUNTO DE ACCESO ADICIONAL DE MATERIA--TÉRMINO DE MATERIA |
| Término de materia o nombre geográfico como elemento de entrada |
La televisión y política |
| Subdivisión geográfica |
Sudáfrica |
| Subdivisión general |
Actitudes |
| -- |
Historia |
| Subdivisión cronológica |
Siglo 20. |
| 650 #4 - PUNTO DE ACCESO ADICIONAL DE MATERIA--TÉRMINO DE MATERIA |
| Término de materia o nombre geográfico como elemento de entrada |
Blancos |
| Subdivisión geográfica |
Sudáfrica |
| -- |
Actitudes |
| Subdivisión general |
Historia |
| Subdivisión cronológica |
Siglo 20. |
| 650 #4 - PUNTO DE ACCESO ADICIONAL DE MATERIA--TÉRMINO DE MATERIA |
| Término de materia o nombre geográfico como elemento de entrada |
Los medios de comunicación y las relaciones raciales |
| Subdivisión geográfica |
Sudáfrica |
| Subdivisión cronológica |
Siglo 20. |
| 651 #0 - PUNTO DE ACCESO ADICIONAL DE MATERIA--NOMBRE GEOGRÁFICO |
| Nombre geográfico |
South Africa |
| Subdivisión general |
Race relations |
| -- |
History |
| Subdivisión cronológica |
20th century. |
| 942 ## - ELEMENTOS DE ENTRADA SECUNDARIOS (KOHA) |
| Fuente del sistema de clasificación o colocación |
Clasificación de Library of Congress |
| Tipo de ítem Koha |
|
| 985 ## - |
| -- |
ICUCIP |
| -- |
2010-02-15 |
| 946 ## - PROCESAMIENTO DE INFORMACIÓN LOCAL (OCLC) |
| a |
YSL |